000 00556nam a2200205 4500
001 127352
003 ES-MaACL
005 20230906193010.0
007 t|
008 070214s1977 sp r ||||1| spa d
100 1 _aRichart Jorda, E.
_996941
245 1 0 _aEvaluación de inversiones industriales /
_cE. Richart Jorda.
250 _a1ª ed.
260 _aMadrid :
_bAlhambra,
_c1977.
300 _aXI, 424 p. :
_bil. ;
_c20 cm.
490 1 _aExedra
830 0 _aExedra
_9177436
852 _aES-MaACL
_jA-7435
_bR.96806
999 _c127352
_d127352